000
00206 a2200097 4500
001
1390
100
_a
Jensen, A
245
_a
Applied strength of materials
260
_a
_b
Mcgrawhill
_c
090
_c
939
_d
939
942
_a
NUST-CAE
_c
M
_c
36255
999
_c
236463
_d
236463